| 000 | 00920nam a22002537a 4500 | ||
|---|---|---|---|
| 005 | 20170123162355.0 | ||
| 010 | _aA-374642 | ||
| 020 | _c7.00 | ||
| 035 | _aA-374642 | ||
| 037 | _bCen Lib/Ret | ||
| 040 |
_aDPL _bUR |
||
| 082 |
_a843.08 _bب د ر |
||
| 100 |
_aبدرالدین الحافظ _9110965 |
||
| 245 |
_a: توفیق الحکیم _bبدرالدین الحافظ _c/ ناول نگاری کا ایک جائزہ |
||
| 246 |
_aTawfiq al-Hakim: novel nigari ka ek jaizah / _bby Badruddin al-Hafiz |
||
| 260 |
_aنئی دہلی _bمکتبہ جامہ لمیٹڈ _c1988 |
||
| 270 |
_bنئی دہلی _aجامہ نگر _e110025 |
||
| 300 |
_a108p. _c21cm(Hb) |
||
| 650 |
_aادب -- اردو _9140853 |
||
| 650 |
_a اردو تنقید - ناول _9140854 |
||
| 650 |
_aLiterature -- Urdu _9140855 |
||
| 650 |
_aUrdu criticism -- Novel _9129646 |
||
| 942 |
_2ddc _cUR _h843.08 _mب د ر |
||
| 999 |
_c109563 _d109563 |
||